Statistiques concernant Communes les plus peuplées des départements de PACA

Cliquez ici pour prendre le quiz!

Statistiques générales

  • Ce quiz a été pris 238 fois
  • Le résultat moyen est 18 sur 30

Statistiques - réponses

% Correct
Bouches-du-Rhône#1Marseille870 321
98%
Alpes-Maritimes#1Nice343 477
97%
Bouches-du-Rhône#2Aix-en-Provence147 122
94%
Var#1Toulon179 659
94%
Alpes-Maritimes#3Cannes72 435
92%
Vaucluse#1Avignon90 597
87%
Hautes-Alpes#1Gap40 111
83%
Var#3Fréjus55 750
75%
Alpes-Maritimes#2Antibes74 709
74%
Var#4Hyères54 615
72%
Bouches-du-Rhône#3Arles50 968
71%
Alpes-de-Haute-Provence#2Digne-les-Bains16 864
71%
Var#5Draguignan39 434
66%
Bouches-du-Rhône#5Aubagne47 190
65%
Var#2La Seyne-sur-Mer62 232
63%
Vaucluse#3Orange28 454
63%
Bouches-du-Rhône#4Martigues48 506
61%
Alpes-Maritimes#5Grasse48 708
59%
Vaucluse#2Carpentras29 865
57%
Hautes-Alpes#2Briançon10 780
54%
Alpes-de-Haute-Provence#1Manosque23 018
54%
Alpes-Maritimes#4Cagnes-sur-Mer52 100
51%
Alpes-de-Haute-Provence#3Sisteron7 669
43%
Vaucluse#4Cavaillon25 832
42%
Hautes-Alpes#3Embrun6 435
28%
Alpes-de-Haute-Provence#5Forcalquier5 115
28%
Vaucluse#5
Pertuis
20 498
24%
Alpes-de-Haute-Provence#4Oraison5 920
12%
Hautes-Alpes#5Veynes3 231
9%
Hautes-Alpes#4Laragne-Montéglin3 579
7%

Distribution des résultats

Percentile par nombre de réponses

% des personnes avec chaque résultat

Votre développement - résultats

Vous n’avez pas pris ce quiz